000
00291nam a22001337a 4500
008
171017b xxu||||| |||| 00| 0 eng d
020
_a
9789992745007
041
_a
alb
080
_a
330.101.542
100
_a
52
101
_a
MIK
245
_a
MIKROEKONOMIA
_c
VARIAN,H,R
942
_2
udc
_c
BK
999
_c
34426
_d
34426